[Event "HUN-chT Youth 2019"]
[Site "Budapest"]
[Date "2019.10.29"]
[Round "6.5"]
[White "Giang, Tran Nam"]
[Black "Kiss, Rebeka"]
[Result "1/2-1/2"]
[WhiteElo "2028"]
[BlackElo "1743"]
[Annotator "NA RC"]
[PlyCount "94"]
[EventDate "2019.10.26"]
[EventType "team-tourn"]
[EventCountry "HUN"]
[SourceTitle "playchess.com"]
[Source "ChessBase"]
[SourceQuality "1"]
[TimeControl "5400+30"]

{[%evp 49,89,0,79,-25,-22,-85,-14,-16,-4,32767,-14,-6,20,0,25,20,26,0,0,-5,0,0,16,10,54,47,48,30,15,32,210,209,203,253,208,281,235,5,0,-31,-21,-23]} 1. e4 {[%emt 0:00:00]} e5 {[%emt 0:00:00]} 2. Nf3 {[%emt 0:00:00]} Nc6 {[%emt 0:00:00]} 3. Bb5 {[%emt 0:00:00]} a6 {[%emt 0:00:20]} 4. Ba4 {[%emt 0:00:00]} Nf6 {[%emt 0:01:30]} 5. O-O {[%emt 0:00:00]} Be7 {[%emt 0:00:34]} 6. Re1 {[%emt 0:00:07]} b5 {[%emt 0:00:30]} 7. Bb3 {[%emt 0:00:04]} O-O {[%emt 0:00:14]} 8. d4 {[%emt 0:00:23]} d6 {[%emt 0:01:43]} 9. c3 {[%emt 0:00:16]} Na5 {[%emt 0:01:38]} 10. Bc2 {[%emt 0:00:42] C91: Closed Ruy Lopez: 7...d6 8 c3 0-0 9 d4} Bg4 {[%emt 0:08:44]} (10... c5 11. Nbd2 Qc7 12. h3 cxd4 13. cxd4 Nc6 14. Nb3 a5 15. Be3 a4 16. Nbd2 Bd7 17. Nf1 Rac8 18. Rc1 Qb8 19. Ng3 Rc7 20. Qd2 Rfc8 21. Bb1 Bd8 22. dxe5 Nxe5 23. Nxe5 Rxc1 24. Rxc1 Rxc1+ 25. Qxc1 dxe5 {1-0 (79) Kosintseva,T (2539)-Zhao,X (2544) Sochi 2009}) 11. dxe5 {[%emt 0:02:43]} Bxf3 {[%emt 0:02:09]} 12. Qxf3 {[%emt 0:00:17]} dxe5 {[%emt 0:00:09]} 13. Nd2 {[%emt 0:02:59]} Qd7 {[%emt 0:12:44]} 14. Nf1 $146 {[%emt 0:03:05]} ({Predecessor:} 14. h3 c6 15. Nf1 Nc4 16. Rd1 Qc7 17. Ng3 {½-½ (46) Floricelovic,M (2067)-Lukic,L (1757) Paracin 2014}) 14... Qg4 {[%emt 0:01:41]} 15. Qxg4 {[%emt 0:01:24]} Nxg4 {[%emt 0:00:06]} 16. h3 {[%emt 0:00:24]} Nf6 {[%emt 0:00:13]} 17. Bg5 {[%emt 0:01:57]} Rfe8 {[%emt 0:05:08]} 18. Ne3 {[%emt 0:03:56]} g6 {[%emt 0:01:51]} 19. Rad1 {[%emt 0:05:32]} c6 {[%emt 0:04:08]} 20. b4 {[%emt 0:03:54]} Nb7 {[%emt 0:05:45]} 21. Bxf6 {[%emt 0:01:10]} Bxf6 {[%emt 0:00:07]} 22. Rd7 {[%emt 0:00:13]} Nd8 {[%emt 0:03:06]} 23. Red1 {[%emt 0:02:02]} h5 {[%emt 0:01:49]} 24. Kf1 {[%emt 0:05:30]} Kf8 {[%emt 0:13:55]} 25. Ke2 Kg7 {[%emt 0:02:55]} (25... a5 $11) 26. Nf1 {[%emt 0:08:24]} ({White should try} 26. Bb3 $16) 26... a5 {[%emt 0:05:02]} 27. Bb3 {[%emt 0:04:25]} (27. bxa5 $11 Rxa5 28. Bb3) 27... a4 {[%emt 0:00:52]} 28. Bc2 {[%emt 0:00:18]} Rc8 {[%emt 0:00:27]} 29. Ne3 {[%emt 0:01:44]} Ne6 {[%emt 0:00:49]} 30. g3 {[%emt 0:05:13]} Be7 {[%emt 0:03:44]} 31. Rb7 {[%emt 0:05:44]} Rc7 {[%emt 0:02:10]} 32. Rxc7 {[%emt 0:01:06]} Nxc7 {[%emt 0:00:01]} 33. f4 {[%emt 0:00:51]} (33. Rd7 $5 {[%cal Rd7c7]} Ne6 34. Bd3 $11) 33... exf4 {[%emt 0:05:14]} 34. gxf4 {[%emt 0:00:35]} Ne6 {[%emt 0:00:22]} 35. Kf3 {[%emt 0:00:47]} Rd8 {[%emt 0:05:49]} 36. Rxd8 {[%emt 0:02:01]} Nxd8 {[%emt 0:00:48]} 37. e5 {[%emt 0:02:15]} Kf8 {[%emt 0:02:33]} 38. Be4 {[%emt 0:08:13]} Ke8 {[%emt 0:02:59]} 39. f5 {[%emt 0:03:44]} g5 $2 {[%emt 0:00:19]} (39... gxf5 $14 40. Nxf5 Bg5) 40. f6 {[%emt 0:02:07]} Bf8 {[%emt 0:00:06] [#]} 41. Nf5 $1 {[%emt 0:00:11]} Kd7 {[%emt 0:01:06] [#]} 42. Ng7 $1 {[%emt 0:01:38]} a3 {[%emt 0:00:34]} 43. Nxh5 $2 {[%emt 0:01:45]} ({White should try} 43. Bf5+ $18 Kc7 44. Nxh5) 43... Ke6 {[%emt 0:00:29]} 44. Ke3 {[%emt 0:04:53]} Kxe5 {[%emt 0:00:38]} 45. Bf3 $11 {[%emt 0:01:51]} c5 {[%emt 0:01:08]} 46. bxc5 {[%emt 0:01:01]} Bxc5+ {[%emt 0:00:01]} 47. Kd3 {[%emt 0:00:41]} Bf8 {[%emt 0:00:45] Ke4+} 1/2-1/2

[Event "HUN-chT Youth 2019"]
[Site "Budapest"]
[Date "2019.10.29"]
[Round "6.6"]
[White "Farkas, Virag"]
[Black "Toth, Kincso"]
[Result "0-1"]
[WhiteElo "1506"]
[BlackElo "1556"]
[Annotator "NA RC"]
[PlyCount "54"]
[EventDate "2019.10.26"]
[EventType "team-tourn"]
[EventCountry "HUN"]
[SourceTitle "playchess.com"]
[Source "ChessBase"]
[SourceQuality "1"]
[TimeControl "5400+30"]

1. d4 {[%emt 0:00:00]} d5 {[%emt 0:00:00]} 2. Bf4 {[%emt 0:00:00]} Nf6 {[%emt 0:00:31]} 3. e3 {[%emt 0:00:37]} c5 {[%emt 0:01:11]} 4. c3 {[%emt 0:02:50]} Nc6 {[%emt 0:01:38]} 5. Bd3 {[%emt 0:00:49]} Qb6 {[%emt 0:01:01]} 6. Qc1 {[%emt 0:08:36]} cxd4 {[%emt 0:02:23]} 7. exd4 {[%emt 0:00:16]} Nh5 {[%emt 0:02:20]} 8. Be3 {[%emt 0:03:54]} Bd7 {[%emt 0:01:36]} 9. Nd2 {[%emt 0:04:15]} Rc8 {[%emt 0:01:24]} 10. Ngf3 {[%emt 0:06:02]} e6 {[%emt 0:03:37]} 11. Rb1 {[%emt 0:11:25]} Bd6 {[%emt 0:03:58]} 12. Nb3 {[%emt 0:09:50]} Nb4 {[%emt 0:08:22]} 13. Bc2 {[%emt 0:09:15]} Nxa2 {[%emt 0:09:21]} 14. Qd1 {[%emt 0:06:21]} Qc7 {[%emt 0:07:34]} 15. Bd2 {[%emt 0:16:14]} Nb4 {[%emt 0:01:34]} 16. cxb4 {[%emt 0:03:40]} Qxc2 {[%emt 0:00:17]} 17. Qxc2 {[%emt 0:00:12]} Rxc2 {[%emt 0:00:06]} 18. Bc3 {[%emt 0:00:49]} Nf4 {[%emt 0:01:09]} 19. Rd1 {[%emt 0:02:30]} Nxg2+ {[%emt 0:02:11]} 20. Kf1 {[%emt 0:00:20]} Nf4 {[%emt 0:00:25]} 21. Nfd2 {[%emt 0:01:21]} Bb5+ {[%emt 0:00:20]} 22. Kg1 {[%emt 0:02:23]} Ne2+ {[%emt 0:00:25]} 23. Kg2 {[%emt 0:00:35]} Nxc3 {[%emt 0:00:07]} 24. bxc3 {[%emt 0:00:20]} Rxc3 {[%emt 0:00:12]} 25. Nc5 {[%emt 0:03:23]} Bxc5 {[%emt 0:00:20]} 26. bxc5 {[%emt 0:00:17]} Ke7 {[%emt 0:01:30]} 27. Nf3 {[%emt 0:00:59]} Be2 {[%emt 0:00:28]} 0-1

[Event "HUN-chT Youth 2019"]
[Site "Budapest"]
[Date "2019.10.29"]
[Round "6.7"]
[White "Losonczi, Marcell"]
[Black "Papp, Levente"]
[Result "0-1"]
[WhiteElo "2249"]
[BlackElo "2317"]
[Annotator "TA"]
[PlyCount "42"]
[EventDate "2019.10.26"]
[EventType "team-tourn"]
[EventCountry "HUN"]
[SourceTitle "playchess.com"]
[Source "ChessBase"]
[SourceQuality "1"]

{[%evp 15,42,30,24,31,59,59,71,64,48,12,35,33,36,-103,-25,-40,-39,-48,-53,-136,-131,-162,-89,-155,-157,-738,-760,-1057,-1032]} 1. e4 e6 2. d4 d5 3. Nc3 Bb4 4. e5 Ne7 5. a3 Bxc3+ 6. bxc3 b6 7. Qg4 Ng6 8. h4 h5 $1 {[%cal Rh5g4]} 9. Qd1 {C16: French: 3 Nc3 Bb4 4 e5: Lines without ...c5} (9. Qg3 Ba6 10. Bxa6 Nxa6 11. Ne2 Qd7 12. a4 c5 13. O-O Rc8 14. Qd3 Nb8 15. Bg5 Nc6 16. Ng3 Nge7 17. Rfd1 cxd4 18. cxd4 Nf5 19. Nxf5 exf5 {1-0 (68) Hou,Y (2635)-Kramnik,V (2810) Medias 2016}) 9... Qd7 10. Be2 Ba6 11. Bxh5 {White is better.} Qb5 12. Kd2 c5 $146 (12... Nf4 $5 {[%cal Rf4h5]} 13. a4 Qc4 $11) ({Predecessor:} 12... Nf4 13. Bf3 c5 14. Ke3 Ng6 15. h5 Qa5 16. Bb2 Nc6 {0-1 (34) Zhigalko,S (2696)-Riazantsev,A (2688) Rogaska Slatina 2011}) 13. Bxg6 fxg6 14. Qg4 {[#]} (14. a4 $14 {stays ahead.} Qc4 15. Qe2) 14... Kd7 ({Black should play} 14... Nc6 $1 $17 {aiming for ...cxd4.} 15. Qxg6+ Kd7) 15. Ne2 ({Don't play} 15. Qxg6 Nc6 $17) 15... Nc6 16. Nf4 {[%mdl 64] Double Attack} Rhe8 $36 {[%mdl 2048] White is under pressure.} 17. Nd3 (17. dxc5 $15 Qxc5 18. Qxg6) 17... cxd4 18. cxd4 Qa4 (18... Rac8 $19 {Hoping for ...Qa4.} 19. Bb2 Qa4) 19. Bb2 {[#]} (19. Nb2 $142 Qxd4+ 20. Qxd4 Nxd4 21. Nd3) 19... Rac8 $1 $17 {Threatens to win with ...Rf8.} 20. Qxg6 $2 (20. Ne1 $17) 20... Ne7 $19 21. Nc5+ bxc5 {Accuracy: White = 29%, Black = 43%.} 0-1

[Event "HUN-chT Youth 2019"]
[Site "Budapest"]
[Date "2019.10.29"]
[Round "6.7"]
[White "Szabo, Marton Nandor"]
[Black "Markus, Molli Amina"]
[Result "1/2-1/2"]
[WhiteElo "1803"]
[BlackElo "1614"]
[Annotator "NA RC"]
[PlyCount "47"]
[EventDate "2019.10.26"]
[EventType "team-tourn"]
[EventCountry "HUN"]
[SourceTitle "playchess.com"]
[Source "ChessBase"]
[SourceQuality "1"]
[TimeControl "5400+30"]

1. d4 {[%emt 0:00:23]} Nf6 {[%emt 0:00:00]} 2. Nf3 {[%emt 0:00:34]} g6 {[%emt 0:00:41]} 3. g3 {[%emt 0:00:29]} Bg7 {[%emt 0:00:37]} 4. Bg2 {[%emt 0:00:08]} O-O {[%emt 0:00:50]} 5. O-O {[%emt 0:00:07]} d6 {[%emt 0:01:03]} 6. c4 {[%emt 0:00:38]} Nbd7 {[%emt 0:01:24]} 7. Qd3 {[%emt 0:03:19]} e5 {[%emt 0:02:31]} 8. Nc3 {[%emt 0:03:58]} exd4 {[%emt 0:03:00]} 9. Nxd4 {[%emt 0:00:28]} Ne5 {[%emt 0:01:09]} 10. Qc2 {[%emt 0:01:20]} a6 {[%emt 0:10:07]} 11. b3 {[%emt 0:03:45]} Rb8 {[%emt 0:03:30]} 12. Bb2 {[%emt 0:05:40]} Bd7 {[%emt 0:01:33]} 13. a4 {[%emt 0:10:00]} Nc6 {[%emt 0:03:40]} 14. Nxc6 {[%emt 0:02:37]} Bxc6 {[%emt 0:00:14]} 15. e4 {[%emt 0:00:13]} Re8 {[%emt 0:02:56]} 16. Rfe1 {[%emt 0:01:52]} Qc8 {[%emt 0:06:43]} 17. Rac1 {[%emt 0:04:52]} Bd7 {[%emt 0:10:06]} 18. Nd5 {[%emt 0:02:01]} Nxd5 {[%emt 0:01:01]} 19. Bxg7 {[%emt 0:01:14]} Kxg7 {[%emt 0:03:32]} 20. cxd5 {[%emt 0:00:19]} c6 {[%emt 0:01:39]} 21. Qc3+ {[%emt 0:01:18]} f6 {[%emt 0:02:15]} 22. Qb4 {[%emt 0:08:28]} Qc7 {[%emt 0:03:13]} 23. dxc6 {[%emt 0:01:00]} bxc6 {[%emt 0:01:41]} 24. Qc4 {[%emt 0:01:52]} 1/2-1/2

[Event "HUN-chT Youth 2019"]
[Site "Budapest"]
[Date "2019.10.29"]
[Round "6.8"]
[White "Vanczak, Tamas"]
[Black "Tancsa, Tamas"]
[Result "1-0"]
[WhiteElo "2327"]
[BlackElo "2082"]
[Annotator "TA"]
[PlyCount "102"]
[EventDate "2019.10.26"]
[EventType "team-tourn"]
[EventCountry "HUN"]
[SourceTitle "playchess.com"]
[Source "ChessBase"]
[SourceQuality "1"]

{[%evp 9,102,0,22,33,10,23,6,-34,-43,-29,-6,-28,-6,-52,-37,-34,7,-10,-8,-47,-31,-41,-54,-65,-54,-45,-52,-49,-49,-65,-60,-64,-57,-53,0,0,0,0,0,0,0,0,0,0,33,42,41,34,42,42,39,8,9,9,9,8,9,6,22,8,9,0,0,0,0,0,0,0,60,8,8,8,454,453,12840,12835,12841,12841,12840,12843,12830,12822,12778,5439,12841,12845,29949,29953,29952,29956,29950,29949,29950,29949,12850]} 1. d4 Nf6 2. Bg5 d5 3. e3 c5 4. c3 Nc6 5. Nd2 e5 6. dxe5 {D00: 1 d4 d5: Unusual lines} Nxe5 7. Ngf3 Nc6 8. Nb3 $146 {The position is equal.} ({Predecessor:} 8. Qb3 Be7 9. Rd1 O-O 10. Bxf6 Bxf6 11. Ne4 Be7 12. Rxd5 {1-0 (42) Kovalenko,I (2663)-Bogdanovich,S (2581) Sochi 2019}) 8... Be6 9. Be2 Bd6 10. O-O O-O 11. Rc1 (11. c4 $5) 11... Qe7 12. Qc2 Kh8 13. Rfd1 Rfd8 14. c4 dxc4 15. Bxc4 Nb4 16. Qb1 {[#]} Bxh2+ $1 {[%mdl 512]} 17. Nxh2 Rxd1+ 18. Rxd1 Bxc4 19. Bxf6 gxf6 ({Of course not} 19... Qxf6 $6 20. Qe4 $11) 20. Qf5 b6 $1 21. Ng4 Be6 (21... Qe6 $15 22. Qf3 Bd5 23. Qxf6+ Qxf6 24. Nxf6 Bc4) 22. Qf3 $11 Rd8 23. Rxd8+ Qxd8 24. Nxf6 Nd5 25. Nh5 Qg5 26. e4 Bg4 (26... Ne7 {is interesting.} 27. Qc3+ Kg8 28. Nf6+ Kg7 29. Ne8+ Kf8) 27. Qxf7 {Threatening mate with Qe8+.} Bxh5 28. Qxd5 Qxd5 29. exd5 $14 {[%mdl 4096] Endgame KB-KN} Kg7 30. f4 Bf7 31. d6 {And now d7 would win.} Kf6 32. Nd2 Ke6 33. Nc4 {aiming for f5+!} Be8 34. g4 b5 $1 {[%cal Rb5c4]} 35. f5+ (35. Nd2 {seems wilder.} Kxd6 36. Ne4+ Kc6 37. a3 Bf7 38. Kf2) 35... Kd7 $1 36. Nd2 Kxd6 37. Ne4+ Ke5 38. Nxc5 Kf4 (38... h5 $11) 39. Ne6+ (39. Nb7 $14) 39... Kxg4 $11 40. f6 {Black must now prevent a3.} Bf7 $2 {[%mdl 8192]} (40... a5 $11 {and Black has nothing to worry.}) 41. Nd8 $18 Bxa2 {[#]} (41... Kf5 $142 42. Nxf7 Kxf6) 42. b4 $1 Kf5 43. f7 Bxf7 44. Nxf7 {KN-K3P} Ke6 {[#]} 45. Nd8+ $1 Kd5 46. Kf2 Kc4 47. Nc6 Kd5 48. Nxa7 {White mates.} Kc4 49. Nc6 Kd5 50. Na5 Ke4 51. Kg3 Kd5 {Accuracy: White = 60%, Black = 55%.} 1-0

[Event "HUN-chT Youth 2019"]
[Site "Budapest"]
[Date "2019.10.29"]
[Round "6.8"]
[White "Vanczak, Tamas"]
[Black "Tancsa, Tamas"]
[Result "*"]
[WhiteElo "2327"]
[BlackElo "2082"]
[Annotator "TA"]
[PlyCount "23"]
[EventDate "2019.10.26"]
[EventType "team-tourn"]
[EventCountry "HUN"]
[SourceTitle "playchess.com"]
[Source "ChessBase"]
[SourceQuality "1"]

{[%evp 9,14,-3,25,30,12,14,11]} 1. d4 Nf6 2. Bg5 d5 3. e3 c5 4. c3 Nc6 5. Nd2 e5 6. dxe5 {D00: 1 d4 d5: Unusual lines} Nxe5 7. Ngf3 Nc6 {Predecessor:} 8. Qb3 $146 Be7 9. Rd1 O-O 10. Bxf6 Bxf6 11. Ne4 Be7 12. Rxd5 {1-0 (42) Kovalenko,I (2663)-Bogdanovich,S (2581) Sochi 2019} *

[Event "HUN-chT Youth 2019"]
[Site "Budapest"]
[Date "2019.10.29"]
[Round "6.9"]
[White "Forgacs, Attila Jr."]
[Black "Pribelszky, Bence"]
[Result "0-1"]
[WhiteElo "2104"]
[BlackElo "2191"]
[Annotator "TA"]
[PlyCount "52"]
[EventDate "2019.10.26"]
[EventType "team-tourn"]
[EventCountry "HUN"]
[SourceTitle "playchess.com"]
[Source "ChessBase"]
[SourceQuality "1"]

{[%evp 11,52,0,19,-17,-8,-13,-9,-10,0,0,3,-10,19,6,25,24,36,33,45,45,47,47,49,45,51,38,52,37,41,44,44,-193,-184,-220,-187,-638,-633,-610,-630,-780,-765,-733,-733]} 1. e4 e6 2. d4 d5 3. Nc3 Bb4 4. e5 Ne7 5. a3 Bxc3+ 6. bxc3 b6 7. Bb5+ {C16: French: 3 Nc3 Bb4 4 e5: Lines without ...c5} (7. Qg4 Kf8 8. Nh3 Ba6 9. Bxa6 Nxa6 10. Nf4 Nb8 11. Nh5 Nf5 12. Bg5 Qe8 13. O-O h6 14. Bd2 Qa4 15. Qd1 Nd7 {1-0 (44) Aronian,L (2767)-Caruana,F (2822) chess.com INT 2018}) 7... c6 8. Bd3 Ba6 9. Nf3 {The position is equal.} Qc8 10. O-O Bxd3 11. Qxd3 Qa6 12. a4 $146 {[%cal Ba3a4,Ba4a5][%mdl 2080] White is pushing.} ({Predecessor:} 12. Qd1 c5 13. Ng5 h6 14. Qh5 g6 {½-½ (48) Soto,N (1993)-Costa,A (1673) Paysandu 2012}) 12... Qxd3 13. cxd3 Nd7 14. Ba3 Ng6 15. a5 f6 16. Bd6 Kf7 17. Ra2 b5 18. Rc1 Rhc8 19. Rac2 c5 20. c4 Nf4 21. Ne1 $2 (21. Rb1 $14 cxd4 22. Rxb5 Nxe5 23. Rb7+ (23. Nxe5+ fxe5 24. Bxe5 Nxd3 $11) 23... Kg6 24. Bxe5 (24. Nxe5+ fxe5 25. Bxe5 {[%mdl 64] Double Attack} Nxd3 $11) 24... fxe5 25. Nxe5+ Kf5 26. g3 Kxe5 27. gxf4+ Kxf4 28. c5) 21... bxc4 $19 22. dxc4 {Threatens to win with exf6.} cxd4 23. cxd5 $2 {[#]} (23. Rd1) 23... Ne2+ $1 {[%mdl 576] Deflection. Black is clearly winning.} 24. Rxe2 Rxc1 25. exf6 d3 26. dxe6+ Kxf6 {Accuracy: White = 50%, Black = 70%.} 0-1

[Event "HUN-chT Youth 2019"]
[Site "Budapest"]
[Date "2019.10.28"]
[Round "6.9"]
[White "Csernyik, Mark"]
[Black "Puskas, Mihaly"]
[Result "*"]
[WhiteElo "1749"]
[BlackElo "1480"]
[Annotator "NA RC"]
[PlyCount "21"]
[EventDate "2019.10.26"]
[EventType "team-tourn"]
[EventCountry "HUN"]
[SourceTitle "playchess.com"]
[Source "ChessBase"]
[SourceQuality "1"]
[TimeControl "5400+30"]

1. e4 {[%emt 0:00:00]} e5 {[%emt 0:00:04]} 2. Nf3 {[%emt 0:00:00]} Nc6 {[%emt 0:00:14]} 3. Bc4 {[%emt 0:00:00]} Bc5 {[%emt 0:00:12]} 4. O-O {[%emt 0:00:44]} d6 {[%emt 0:00:10]} 5. c3 {[%emt 0:05:36]} Bg4 {[%emt 0:01:15]} 6. d3 {[%emt 0:01:14]} Qd7 {[%emt 0:04:16]} 7. Be3 {[%emt 0:01:23]} Bb6 {[%emt 0:00:40]} 8. Nbd2 {[%emt 0:01:57]} O-O-O {[%emt 0:01:55]} 9. b4 {[%emt 0:00:53]} f5 {[%emt 0:03:22]} 10. h3 {[%emt 0:01:00]} Bh5 {[%emt 0:00:25]} 11. Qb3 {[%emt 0:00:15]} *

[Event "HUN-chT Youth 2019"]
[Site "Budapest"]
[Date "2019.10.29"]
[Round "6.10"]
[White "Kiss, Eniko"]
[Black "Toth, Nikoletta"]
[Result "1/2-1/2"]
[WhiteElo "1703"]
[BlackElo "1965"]
[Annotator "NA RC"]
[PlyCount "53"]
[EventDate "2019.10.26"]
[EventType "team-tourn"]
[EventCountry "HUN"]
[SourceTitle "playchess.com"]
[Source "ChessBase"]
[SourceQuality "1"]
[TimeControl "5400+30"]

1. c4 {[%emt 0:00:00]} c6 {[%emt 0:00:00]} 2. e4 {[%emt 0:01:03]} e5 {[%emt 0:10:42]} 3. d4 {[%emt 0:03:44]} Bb4+ {[%emt 0:11:01]} 4. Bd2 {[%emt 0:04:41]} Qe7 {[%emt 0:07:50]} 5. d5 {[%emt 0:02:28]} cxd5 {[%emt 0:01:26]} 6. cxd5 {[%emt 0:01:03]} Nf6 {[%emt 0:01:27]} 7. a3 {[%emt 0:00:44]} Bxd2+ {[%emt 0:01:09]} 8. Nxd2 {[%emt 0:00:02]} O-O {[%emt 0:00:16]} 9. Ngf3 {[%emt 0:01:59]} d6 {[%emt 0:00:41]} 10. Bd3 {[%emt 0:01:17]} Bg4 {[%emt 0:04:10]} 11. O-O {[%emt 0:01:36]} Nbd7 {[%emt 0:01:34]} 12. b4 {[%emt 0:00:59]} Nh5 {[%emt 0:07:43]} 13. h3 {[%emt 0:11:06]} Bxf3 {[%emt 0:04:40]} 14. Qxf3 {[%emt 0:02:12]} Nf4 {[%emt 0:00:47]} 15. Rac1 {[%emt 0:06:21]} Nb6 {[%emt 0:08:51]} 16. Rc3 {[%emt 0:03:43]} Rac8 {[%emt 0:05:45]} 17. Rfc1 {[%emt 0:00:50]} Rxc3 {[%emt 0:00:53]} 18. Rxc3 {[%emt 0:00:08]} Rc8 {[%emt 0:10:58]} 19. Bf1 {[%emt 0:02:31]} Qd7 {[%emt 0:00:45]} 20. Qe3 {[%emt 0:06:03]} h6 {[%emt 0:01:55]} 21. Nb3 {[%emt 0:14:48]} Ng6 {[%emt 0:09:43]} 22. Qc1 {[%emt 0:07:13]} Ne7 {[%emt 0:00:32]} 23. Rxc8+ {[%emt 0:09:56]} Nexc8 {[%emt 0:01:48]} 24. g3 {[%emt 0:00:41]} Ne7 {[%emt 0:02:34]} 25. Kh2 {[%emt 0:01:58]} Kh8 {[%emt 0:00:38]} 26. Be2 {[%emt 0:01:54]} f5 $11 {[%emt 0:00:28]} 27. f3 1/2-1/2

[Event "HUN-chT Youth 2019"]
[Site "Budapest"]
[Date "2019.10.29"]
[Round "6.11"]
[White "Bernath, Bence"]
[Black "Ivan, Reka Gyongyver"]
[Result "1-0"]
[WhiteElo "2004"]
[BlackElo "1686"]
[Annotator "NA RC"]
[PlyCount "63"]
[EventDate "2019.10.26"]
[EventType "team-tourn"]
[EventCountry "HUN"]
[SourceTitle "playchess.com"]
[Source "ChessBase"]
[SourceQuality "1"]
[TimeControl "5400+30"]

1. e4 {[%emt 0:00:00]} c6 {[%emt 0:00:00]} 2. d4 {[%emt 0:00:25]} d5 {[%emt 0:00:00]} 3. e5 {[%emt 0:00:28]} Bf5 {[%emt 0:00:11]} 4. h4 {[%emt 0:00:27]} h5 {[%emt 0:00:18]} 5. Bd3 {[%emt 0:00:44]} Bxd3 {[%emt 0:00:24]} 6. Qxd3 {[%emt 0:00:15]} e6 {[%emt 0:00:22]} 7. Bg5 {[%emt 0:00:30] B12: Caro-Kann: Advance Variation} Be7 {[%emt 0:02:16]} 8. Nf3 {[%emt 0:01:14]} Nd7 {[%emt 0:01:47]} (8... Nh6 9. Nbd2 Nf5 10. Nf1 Qa5+ 11. c3 Qa6 12. Qd2 Nd7 13. Ng3 Nxg3 14. fxg3 f6 {½-½ (72) Inarkiev,E (2693)-Tomashevsky,E (2705) St Petersburg 2018}) 9. Nbd2 {[%emt 0:01:17]} Qb6 {[%emt 0:03:22]} 10. c4 {[%emt 0:05:56]} Qa6 {[%emt 0:18:44]} 11. Qb3 $146 {[%emt 0:12:56]} ({Predecessor:} 11. b3 Nh6 12. Bxe7 Kxe7 13. Qc3 Qb6 14. O-O Nf5 {1-0 (34) Antal,G (2522)-Bopp,T (2154) Caleta 2018}) 11... Rc8 {[%emt 0:04:41]} 12. Rc1 {[%emt 0:02:21]} Nb6 {[%emt 0:02:12]} 13. O-O {[%emt 0:02:26]} Bd8 {[%emt 0:05:25]} 14. cxd5 {[%emt 0:01:37]} Nxd5 {[%emt 0:01:15]} 15. Bxd8 {[%emt 0:00:55]} Rxd8 {[%emt 0:01:29]} 16. Ne4 {[%emt 0:00:28]} Nf4 {[%emt 0:03:06]} 17. Kh2 {[%emt 0:04:20]} Nh6 {[%emt 0:17:53]} 18. Nd6+ Rxd6 19. exd6 {[%emt 0:00:40]} Ng4+ {[%emt 0:00:41]} 20. Kh1 {[%emt 0:00:45]} Nd3 {[%emt 0:01:18]} 21. Rc2 {[%emt 0:01:37]} Nb4 {[%emt 0:14:51] [#]} ({Black should try} 21... Nc5 $1 $14 22. Qc4 Qxc4 23. Rxc4 Ne4) 22. Rc4 $1 {[%emt 0:00:19]} Nd5 {[%emt 0:02:14]} 23. Ne5 {[%emt 0:02:10]} Ngf6 {[%emt 0:01:18]} (23... Nb6 {is a better defense.}) 24. Kg1 {[%emt 0:01:34]} Nf4 $2 {[%emt 0:01:42]} (24... Nb6 25. Rc2 Qa4 26. Qxa4 Nxa4) 25. g3 {[%emt 0:02:44]} N4d5 {[%emt 0:03:04] [#]} 26. Rxc6 $1 {[%emt 0:00:51]} b6 {[%emt 0:03:19] [#]} 27. Rfc1 {[%emt 0:01:15]} (27. Qb5 $142 $1 {[%mdl 512]} O-O (27... Qxb5 28. Rc8#) 28. Qxa6) 27... O-O {[%emt 0:00:39]} 28. Qc4 {[%emt 0:01:44]} Qb7 {[%emt 0:01:08]} 29. Rc8 {[%emt 0:00:24]} Rxc8 {[%emt 0:09:42]} 30. Qxc8+ {[%emt 0:00:07]} Qxc8 {[%emt 0:00:05]} 31. Rxc8+ $18 {[%emt 0:00:07]} Kh7 {[%emt 0:00:07]} 32. d7 {[%emt 0:00:03]} 1-0